Normal view
MARC view
Entry Personal Name
001 - CONTROL NUMBER
- control field: 54739
003 - CONTROL NUMBER IDENTIFIER
- control field: OSt
005 - DATE AND TIME OF LATEST TRANSACTION
- control field: 20240930161624.0
008 - FIXED-LENGTH DATA ELEMENTS
- fixed length control field: 240930|| aca||aabn | a|a d
040 ## - CATALOGING SOURCE
- Original cataloging agency: OSt
- Transcribing agency: OSt
100 ## - HEADING--PERSONAL NAME
- Personal name: တင့်ဆွေ၊ လင်းယုန်
670 ## - SOURCE DATA FOUND
- Source citation: Work cat.: (OSt)17007: ဒန်နီ၊ ဒက်(ခ်)မွန် 17492, ကိုယ်တွေ့အိန္ဒိယလောကီပညာ၊ တတိယပိုင်း /, ၁၉၇၁။